Statistics for Pokemon Currently Untiered [Pointless]

Click here to take the quiz!

General Stats

  • This quiz has been taken 14 times
  • The average score is 11 of 155

Answer Stats

Answer% Correct
Butterfree
50%
Glaceon
33%
Raichu
33%
Beartic
25%
Leafeon
25%
Armaldo
17%
Basculin
17%
Bellossom
17%
Cramorant
17%
Crustle
17%
Ditto
17%
Dubwool
17%
Dugtrio
17%
Dugtrio-Alola
17%
Dunsparce
17%
Flareon
17%
Hitmonchan
17%
Lapras
17%
Marowak
17%
Ninetales
17%
Persian
17%
Poliwrath
17%
Rapidash
17%
Rotom
17%
Rotom-Fan
17%
Rotom-Frost
17%
Stoutland
17%
Altaria
8%
Appletun
8%
Audino
8%
Avalugg
8%
Beheeyem
8%
Boltund
8%
Calyrex
8%
Carbink
8%
Carracosta
8%
Clawitzer
8%
Cradily
8%
Dedenne
8%
Delibird
8%
Eiscue
8%
Eldegoss
8%
Emolga
8%
Exeggutor
8%
Exeggutor-Alola
8%
Falinks
8%
Farfetch'd
8%
Flapple
8%
Froslass
8%
Garbodor
8%
Glalie
8%
Golduck
8%
Grapploct
8%
Greedent
8%
Jynx
8%
Kabutops
8%
Kangaskhan
8%
Kingler
8%
Lickilicky
8%
Liepard
8%
Lilligant
8%
Lopunny
8%
Luxray
8%
Lycanroc (-Midday)
8%
Maractus
8%
Mr. Mime
8%
Mr. Rime
8%
Musharna
8%
Noctowl
8%
Omastar
8%
Orbeetle
8%
Persian-Alola
8%
Pikachu
8%
Politoed
8%
Qwilfish
8%
Rapidash-Galar
8%
Regigigas
8%
Runerigus
8%
Sandslash
8%
Scrafty
8%
Seaking
8%
Skuntank
8%
Stunfisk
8%
Stunfisk-Galar
8%
Sudowoodo
8%
Swoobat
8%
Toxicroak
8%
Unfezant
8%
Vikavolt
8%
Wailord
8%
Abomasnow
0%
Accelgor
0%
Alcremie
0%
Aurorus
0%
Bouffalant
0%
Centiskorch
0%
Cherrim
0%
Cinccino
0%
Coalossal
0%
Cofagrigus
0%
Corsola
0%
Cryogonal
0%
Cursola
0%
Drampa
0%
Drednaw
0%
Drifblim
0%
Dusknoir
0%
Electivire
0%
Frosmoth
0%
Gallade
0%
Gothitelle
0%
Gourgeist
0%
Heatmor
0%
Jellicent
0%
Klinklang
0%
Ludicolo
0%
Lunatone
0%
Lurantis
0%
Lycanroc-Midnight
0%
Magmortar
0%
Malamar
0%
Manectric
0%
Mawile
0%
Meltan
0%
Meowstic
0%
Miltank
0%
Morpeko
0%
Octillery
0%
Oranguru
0%
Palossand
0%
Perrserker
0%
Pinsir
0%
Pyukumuku
0%
Regice
0%
Sableye
0%
Sawk
0%
Shedinja
0%
Shiftry
0%
Shiinotic
0%
Shuckle
0%
Solrock
0%
Spiritomb
0%
Stonjourner
0%
Thievul
0%
Throh
0%
Trevenant
0%
Turtonator
0%
Uxie
0%
Vanilluxe
0%
Vespiquen
0%
Walrein
0%
Whiscash
0%
Wigglytuff
0%
Wishiwashi
0%
Wobbuffet
0%

Score Distribution

Percentile by Number Answered

Percent of People with Each Score

Your Score History

You have not taken this quiz